Performance of selected rubber cultivars in Sime Darby Estates (Record no. 64782)
[ view plain ]
| 000 -LEADER | |
|---|---|
| fixed length control field | 00300nam a2200109Ia 4500 |
| 100 ## - MAIN ENTRY--AUTHOR NAME | |
| Personal name | Gan Lian Tiong |
| 245 #0 - TITLE STATEMENT | |
| Title | Performance of selected rubber cultivars in Sime Darby Estates |
| 650 ## - SUBJECT ADDED ENTRY--TOPICAL TERM | |
| Topical Term | Rubber cultivars |
| 700 ## - ADDED ENTRY--PERSONAL NAME | |
| Personal name | Chew Oe Kheng |
| 942 ## - ADDED ENTRY ELEMENTS (KOHA) | |
| Koha item type | Journals |
| Withdrawn status | Lost status | Damaged status | Not for loan | Home library | Current library | Date acquired | Koha item type |
|---|---|---|---|---|---|---|---|
| Journals | RRII Library | RRII Library | 17/12/2021 | Journals |